Dakṣiṇa Kannaḍada barahagāraru. (Record no. 80618)

MARC details
000 -LEADER
fixed length control field 00668cam a22002531 4500
001 - CONTROL NUMBER
control field sa 68005266
003 - CONTROL NUMBER IDENTIFIER
control field DLC
005 - DATE AND TIME OF LATEST TRANSACTION
control field 20260227112507.0
008 - FIXED-LENGTH DATA ELEMENTS--GENERAL INFORMATION
fixed length control field 940927s1967 ii bd 000 0 kano
010 ## - LIBRARY OF CONGRESS CONTROL NUMBER
LC control number sa 68005266
025 ## - OVERSEAS ACQUISITION NUMBER
Overseas acquisition number PL480:I-Kan-1021
035 ## - SYSTEM CONTROL NUMBER
System control number (OCoLC)31187203
040 ## - CATALOGING SOURCE
Original cataloging agency DLC
Transcribing agency CU
Modifying agency CU
-- DLC
042 ## - AUTHENTICATION CODE
Authentication code premarc
050 00 - LIBRARY OF CONGRESS CALL NUMBER
Classification number PL4651
Item number .C3
100 1# - MAIN ENTRY--PERSONAL NAME
Personal name Caḍaga, Sūryanārāyaṇa.
245 10 - TITLE STATEMENT
Title Dakṣiṇa Kannaḍada barahagāraru.
260 ## - PUBLICATION, DISTRIBUTION, ETC.
Date of publication, distribution, etc. [1967]
300 ## - PHYSICAL DESCRIPTION
Extent 203, [1] p.
Dimensions 23 cm.
500 ## - GENERAL NOTE
General note In Kannada.
504 ## - BIBLIOGRAPHY, ETC. NOTE
Bibliography, etc. note Bibliography: p. [204]
650 #0 - SUBJECT ADDED ENTRY--TOPICAL TERM
Topical term or geographic name entry element Authors, Kannada
Form subdivision Dictionaries.
650 #0 - SUBJECT ADDED ENTRY--TOPICAL TERM
Topical term or geographic name entry element Kannada literature.

No items available.

Powered by Koha